Developing secondary education in West Pakistan. (Record no. 65635)

MARC details
000 -LEADER
fixed length control field 00866cam a22002651 4500
001 - CONTROL NUMBER
control field sa 65008201
003 - CONTROL NUMBER IDENTIFIER
control field DLC
005 - DATE AND TIME OF LATEST TRANSACTION
control field 20260227112154.0
008 - FIXED-LENGTH DATA ELEMENTS--GENERAL INFORMATION
fixed length control field 870806s1964 pk 000 0 eng
010 ## - LIBRARY OF CONGRESS CONTROL NUMBER
LC control number sa 65008201
025 ## - OVERSEAS ACQUISITION NUMBER
Overseas acquisition number PL480:P-E-786
035 ## - SYSTEM CONTROL NUMBER
System control number (OCoLC)16396223
040 ## - CATALOGING SOURCE
Original cataloging agency DLC
Transcribing agency WaU
Modifying agency DLC
042 ## - AUTHENTICATION CODE
Authentication code premarc
050 00 - LIBRARY OF CONGRESS CALL NUMBER
Classification number LB1617.P143
Item number D5
100 1# - MAIN ENTRY--PERSONAL NAME
Personal name Dil, Anwar S.,
Relator term ed.
245 10 - TITLE STATEMENT
Title Developing secondary education in West Pakistan.
Statement of responsibility, etc. Edited by Anwar S. Dil [and] Afia Dil.
260 ## - PUBLICATION, DISTRIBUTION, ETC.
Place of publication, distribution, etc. Lahore,
Name of publisher, distributor, etc. Education Extention Centre,
Date of publication, distribution, etc. 1964.
300 ## - PHYSICAL DESCRIPTION
Extent 214 p.
Dimensions 22 cm.
500 ## - GENERAL NOTE
General note "Papers ... contributed by the faculty of the Education Extension Centre for West Pakistan."
650 #0 - SUBJECT ADDED ENTRY--TOPICAL TERM
Topical term or geographic name entry element Education, Secondary.
650 #0 - SUBJECT ADDED ENTRY--TOPICAL TERM
Topical term or geographic name entry element Education
Geographic subdivision Pakistan.
610 10 - SUBJECT ADDED ENTRY--CORPORATE NAME
Corporate name or jurisdiction name as entry element Lahore.
Subordinate unit Education Extension Centre.
700 1# - ADDED ENTRY--PERSONAL NAME
Personal name Dil, Afia,
Relator term joint editor.

No items available.

Powered by Koha